| Tag |
First Indicator |
Second Indicator |
Subfields |
| LEADER |
00000nam a2200000Ia 4500 |
| 001 |
in00004309607 |
| 005 |
20200810090929.0 |
| 006 |
m g d |
| 007 |
cr bn |||a|bb| |
| 008 |
881206s1697 enk o 00| | eng d |
| 035 |
|
|
|a (OCoLC)18848560
|
| 040 |
|
|
|a EAG
|c EAG
|d WaOLN
|
| 037 |
|
|
|a CL0037000062
|b ProQuest Information and Learning. 300 N. Zeeb Rd., Ann Arbor, MI 48106
|
| 090 |
|
|
|a PR3291.A1
|b A57 1697
|
| 049 |
|
|
|a EAGA
|
| 245 |
1 |
3 |
|a An answer to the satyr upon the French King
|
| 260 |
|
|
|a London :
|b Printed for E. Whitlock ...,
|c 1697.
|
| 300 |
|
|
|a 1 online resource (1 broadside.
|
| 336 |
|
|
|a text
|b txt
|2 rdacontent
|
| 337 |
|
|
|a computer
|b c
|2 rdamedia
|
| 338 |
|
|
|a online resource
|b cr
|2 rdacarrier
|
| 500 |
|
|
|a In verse.
|
| 500 |
|
|
|a Satire on the relations between James II, Louis XIV, and William III.
|
| 500 |
|
|
|a Reproduction of original in the Bodleian Library.
|
| 510 |
4 |
|
|a Wing
|c A3442
|
| 533 |
|
|
|a Electronic reproduction.
|b Ann Arbor, Mich. :
|c UMI,
|d 1999-
|f (Early English books online)
|n Digital version of: (Early English books, 1641-1700 ; 1680:19)
|7 s1999 miun s
|
| 600 |
0 |
0 |
|a James
|b II,
|c King of England,
|d 1633-1701
|v Poetry.
|
| 600 |
0 |
0 |
|a Louis
|b XIV,
|c King of France,
|d 1638-1715
|v Poetry.
|
| 600 |
0 |
0 |
|a William
|b III,
|c King of England,
|d 1650-1702
|v Poetry.
|
| 830 |
|
0 |
|a Early English books online.
|
| 856 |
4 |
0 |
|u http://proxy.library.tamu.edu/login?url=https://search.proquest.com/docview/2240864126
|z Connect to the full text of this electronic book
|t 0
|
| 999 |
f |
f |
|s 7783ab31-f228-3a1b-843c-82b3955de406
|i 92525c44-642d-3886-bf73-5f3a43ac673f
|t 0
|
| 952 |
f |
f |
|a Texas A&M University
|b College Station
|c Electronic Resources
|d Available Online
|t 0
|e PR3291.A1 A57 1697
|h Library of Congress classification
|
| 998 |
f |
f |
|a PR3291.A1 A57 1697
|t 0
|l Available Online
|